<?xml version="1.0" encoding="UTF-8"?>
<record
    xmlns:xsi="http://www.w3.org/2001/XMLSchema-instance"
    xsi:schemaLocation="http://www.loc.gov/MARC21/slim http://www.loc.gov/standards/marcxml/schema/MARC21slim.xsd"
    xmlns="http://www.loc.gov/MARC21/slim">

  <leader>01330naa a2200253 i 4500</leader>
  <controlfield tag="001">BPP</controlfield>
  <controlfield tag="003">BPK</controlfield>
  <controlfield tag="005">20180124125929.0</controlfield>
  <controlfield tag="008">140917s2012    pl     f     |100 0 pol</controlfield>
  <datafield tag="040" ind1=" " ind2=" ">
    <subfield code="c">BPK</subfield>
  </datafield>
  <datafield tag="080" ind1=" " ind2=" ">
    <subfield code="a">663</subfield>
  </datafield>
  <datafield tag="100" ind1=" " ind2=" ">
    <subfield code="a">JAKUBOWSKI, Marek.</subfield>
    <subfield code="d">2001 - .</subfield>
    <subfield code="b">Politechnika Koszali&#x144;ska - Wydzia&#x142; Mechaniczny,</subfield>
    <subfield code="c">Katedra Proces&#xF3;w i Urz&#x105;dze&#x144; Przemys&#x142;u Spo&#x17C;ywczego</subfield>
  </datafield>
  <datafield tag="245" ind1=" " ind2=" ">
    <subfield code="a">Badania eksperymentalne etap&#xF3;w formowania si&#x119; sto&#x17C;ka osadu zast&#x119;pczego w zbiorniku laboratoryjnym Whirlpoola /</subfield>
    <subfield code="c">Marek Jakubowski, Aleksander Poreda.</subfield>
  </datafield>
  <datafield tag="260" ind1=" " ind2=" ">
    <subfield code="c">2012.</subfield>
  </datafield>
  <datafield tag="500" ind1=" " ind2=" ">
    <subfield code="a">Dane z autopsji.</subfield>
  </datafield>
  <datafield tag="520" ind1=" " ind2=" ">
    <subfield code="a">W pracy zaprezentowano wyniki bada&#x144; eksperymentalnych etap&#xF3;w formowania si&#x119; sto&#x17C;ka osadu zast&#x119;pczego. Przedmiotem analizy by&#x142;o por&#xF3;wnanie czas&#xF3;w wyst&#x119;powania charakterystycznych stan&#xF3;w formuj&#x105;cego si&#x119; sto&#x17C;ka osadu.</subfield>
  </datafield>
  <datafield tag="650" ind1=" " ind2="0">
    <subfield code="a">Przemys&#x142; fermentacyjny.</subfield>
  </datafield>
  <datafield tag="650" ind1=" " ind2="0">
    <subfield code="a">Piwowarstwo.</subfield>
  </datafield>
  <datafield tag="655" ind1=" " ind2="0">
    <subfield code="a">Materia&#x142;y konferencyjne.</subfield>
  </datafield>
  <datafield tag="700" ind1=" " ind2=" ">
    <subfield code="a">POREDA, Aleksander - doktorant.</subfield>
  </datafield>
  <datafield tag="773" ind1=" " ind2=" ">
    <subfield code="i">W :</subfield>
    <subfield code="t">Budowa i eksploatacja maszyn przemys&#x142;u spo&#x17C;ywczego BEMS 2004 : XV Konferencja Naukowo-Techniczna. -</subfield>
    <subfield code="d">Koszalin : Wydawnictwo Uczelniane Politechniki Koszali&#xE4;skiej, 2012. -</subfield>
    <subfield code="g">s. 83</subfield>
  </datafield>
  <datafield tag="711" ind1=" " ind2=" ">
    <subfield code="a"> BEMS 2012</subfield>
    <subfield code="n">(15 ;</subfield>
    <subfield code="d">2012 ;</subfield>
    <subfield code="c">Koszalin-Ko&#x142;obrzeg, Polska).</subfield>
    <subfield code="p">BEMS 2012</subfield>
  </datafield>
  <datafield tag="942" ind1=" " ind2=" ">
    <subfield code="c">ART</subfield>
    <subfield code="2">UKD</subfield>
  </datafield>
  <datafield tag="999" ind1=" " ind2=" ">
    <subfield code="c">6419</subfield>
    <subfield code="d">6419</subfield>
  </datafield>
  <datafield tag="952" ind1=" " ind2=" ">
    <subfield code="0">0</subfield>
    <subfield code="1">0</subfield>
    <subfield code="4">0</subfield>
    <subfield code="7">0</subfield>
    <subfield code="a">BPK</subfield>
    <subfield code="b">BPK</subfield>
    <subfield code="o">100793</subfield>
    <subfield code="y">ART</subfield>
  </datafield>
</record>
